Statistieken voor Nederlandse minister-presidenten

Klik hier om de quiz te nemen!

Algemene statistieken

  • Deze quiz is 2.847 keer genomen
    (2.451 sinds de laatste reset)
  • De gemiddelde score is 5 van 15

Antwoordstatistieken

PeriodeMinister-presidenten% Correct
2010-Mark Rutte
99%
2002-2010Jan Peter Balkenende
80%
1994-2002Wim Kok
63%
1982-1994Ruud Lubbers
50%
1973-1977Joop den Uyl
42%
1948-1958Willem Drees
41%
1977-1982Dries van Agt
40%
1967-1971Piet de Jong
22%
1971-1973Barend Biesheuvel
18%
1965-1966Jo Cals
15%
1959-1963Jan de Quay
14%
1966-1967Jelle Zijlstra
14%
1945-1946Willem Schermerhorn
14%
1946-1948, 1958-1959Louis Beel
13%
1963-1965Victor Marijnen
12%

Scoreverdeling

Percentiel versus Aantal Correcte Antwoorden

Procent van Mensen met Elke Score

Uw Scoregeschiedenis

U heeft deze quiz nog niet genomen sinds de laatste reset